كتاب الهداية الى فرائض القلوب = Al- Hidaja ILa Fara'id Al- Qulub (Record no. 81018)
[ view plain ]
| 000 -LEADER | |
|---|---|
| fixed length control field | 01379nam a2200217 a 4500 |
| 001 - CONTROL NUMBER | |
| control field | 81018 |
| 003 - CONTROL NUMBER IDENTIFIER | |
| rucl marc code | BD-RjUL |
| 005 - DATE AND TIME OF LATEST TRANSACTION | |
| control field | 20221226154907.0 |
| 008 - FIXED-LENGTH DATA ELEMENTS--GENERAL INFORMATION | |
| fixed length control field | 160725s1907 ne 000 0 ara d |
| 035 ## - SYSTEM CONTROL NUMBER | |
| System control number | (OCoLC)745181863 |
| 040 ## - CATALOGING SOURCE | |
| Original cataloging agency | HAI |
| Language of cataloging | eng |
| Transcribing agency | BD-RjUL |
| 041 0# - LANGUAGE CODE | |
| Language code of text/sound track or separate title | ara |
| 082 ## - DEWEY DECIMAL CLASSIFICATION NUMBER | |
| Edition number | 23 |
| Classification number | 297 |
| Author mark and year | BAK 1912 |
| 100 0# - MAIN ENTRY--PERSONAL NAME | |
| Personal name | baqwda, bihayaa bin yusuf ban, باقودا, بحيى بن يوسف بن |
| Dates associated with a name | 1050؟-1120؟ |
| 9 (RLIN) | 6438 |
| 245 10 - TITLE STATEMENT | |
| Title | كتاب الهداية الى فرائض القلوب = Al- Hidaja ILa Fara'id Al- Qulub |
| Statement of responsibility, etc. | تأليف بحيي بن يوسف بن باقودا الاندلسي ؛ اعتنى بطبعه وزاد عليه مقدمات وتمهيدات ومباحث متن الكتاب ومصادره وترجمته العبرانية ومسائل تاريخية ولغوية ابراهيم t talif bihayi bin yusif bin baquda alandilsii ; aetanaa bitabeih wazad ealayh muqadimat watamhidat wamabahith matn alkitaab wamasadirih watarjamatuh aleibraniat wamasayil tarikhiat walughawiat abrahim salim bin banamin yahudan سالم بن بنامين يهودا |
| 246 33 - VARYING FORM OF TITLE | |
| Title proper/short title | الهداية الى فرائض القلوب |
| 260 ## - PUBLICATION, DISTRIBUTION, ETC. (IMPRINT) | |
| Place of publication, distribution, etc. | ليدن : |
| Name of publisher, distributor, etc. | المطبعة البريلية، |
| Date of publication, distribution, etc. | ١٩٠٧-١٩١٢ |
| 300 ## - PHYSICAL DESCRIPTION | |
| Pagination | ٩، ٤٠٧، ١١٣، ١٧ ص. : |
| Illustrations | لوحات ؛ |
| Size | ٢٣ س. |
| 700 1# - ADDED ENTRY--PERSONAL NAME | |
| Personal name | يهودا، ا. س. |
| 942 ## - ADDED ENTRY ELEMENTS (KOHA) | |
| Source of classification or shelving scheme | Dewey Decimal Classification |
| Koha item type | Books |
| Lost status | Source of classification or shelving scheme | Damaged status | Not for loan | Collection code | Permanent Location | Current Location | Shelving location | Date acquired | Total Checkouts | Full call number | Date last seen | Copy number | Koha item type |
|---|---|---|---|---|---|---|---|---|---|---|---|---|---|
| Dewey Decimal Classification | Not For Loan | Non-fiction | Central Library, University of Rajshahi | Central Library, University of Rajshahi | Reading Room | 26/12/2022 | A 297 BAK 1912 | 26/12/2022 | C-1 | Books |